| 000 | 00933cam a2200253 4500 | ||
|---|---|---|---|
| 001 | ABS64112 | ||
| 008 | 000000n2001 000 0 eng u | ||
| 035 | _a(Sirsi) u113408 | ||
| 100 | _aWilbert, T. | ||
| 245 | _aUnited States area review: Atlanta | ||
| 260 | _c2001 | ||
| 490 |
_aNational Real Estate Investor _v43(5) May 2001, 62-71(6) |
||
| 520 | _aReviews the commercial, industrial and residential property markets in Atlanta which are returning a sustainable level after five years of growth fuelled by economic prosperity and job growth following the Olympics. | ||
| 590 | _aABS | ||
| 650 | _aAPARTMENTS | ||
| 650 | _aATLANTA | ||
| 650 | _aGEORGIA | ||
| 650 | _aINDUSTRIAL MARKET | ||
| 650 | _aPROPERTY-COMMERCIAL PROPERTY-OFFICE PROPERTY-OFFICE PROPERTY MARKET | ||
| 650 | _aRESIDENTIAL MARKET | ||
| 650 | _aUNITED STATES | ||
| 690 | _aPROPERTY-COMMERCIAL PROPERTY-COMMERCIAL PROPERTY MARKET | ||
| 942 | _n0 | ||
| 999 |
_c67568 _d67568 |
||